Guatemala: el programa de reorganización nacional /

Salvato in:
Dettagli Bibliografici
Autore principale: Cerezo Arévalo, Vinicio
Natura: testo
Tags: Aggiungi Tag
Nessun Tag, puoi essere il primo ad aggiungerne!!

MARC

LEADER 00000 a a2200000 04500
001 47776
003
040
100 |a Cerezo Arévalo, Vinicio  
245 |a Guatemala:   |b el programa de reorganización nacional /  |c Vinicio Cerezo Arévalo  
500 |a Memorándum dirigido a los guatemaltecos, invitándolos a participar en las tareas de la reorganización nacional (Guatemala, 19 de marzo, 1987).  
773 |g número6, (abril-junio, 1987), páginas 25-48.  
999 |c 22222  |d 22222